000 00644nam a2200193Ii 4500
003 JO-AjNU
008 230605s9999||||xx |||||||||||||| ||und||
040 _aJO-AjNU
_bara
_erda
_cJO-AjNU
041 _aara
050 1 4 _aQC176.F6 1987
100 3 _aعوض ، فوزي/ م مشارك بسام المعصراني,
_eauthor
_99888
245 0 0 _aتجارب في قيزياء الجسم الصلب
264 3 1 _aدمشق:مطبعة طربين ،1987
300 _a158ص
336 _atext
_btxt
_2rdacontent
337 _aunmediated
_bn
_2rdamedia
338 _avolume
_bnc
_2rdacarrier
650 4 _aفيزياءالاجسام الصلبة
_99889
999 _aA1528
_c5096
_d5096